Poetas españoles contemporáneos

Saved in:
書目詳細資料
主要作者: Alonso, Dámaso (Author)
格式: 圖書
語言:西班牙语
出版: Madrid Gredos 1965
版:3a. ed
叢編:Biblioteca Románica Hispánica. Estudios y Ensayos, 6
主題:
標簽: 添加標簽
沒有標簽, 成為第一個標記此記錄!

MARC

LEADER 00000cam a2200000 a 4500
001 UCZ3648
003 CL-VaPUC
008 951027e19650000SP |||||||||||||||||spa|d
082 0 4 |a 861.09  |b ALO  |2 21 
100 |a Alonso, Dámaso  |e author  |9 346623 
245 1 0 |a Poetas españoles contemporáneos 
250 |a 3a. ed 
300 |a 421 p 
942 |c BK 
945 |d 19951027 00:00:00  |a rleighto 
260 |a Madrid  |b Gredos  |c 1965 
600 0 |a Machado Ruíz, Antonio,   |d 1875-1939  |9 389743 
600 0 7 |a BECQUER, GUSTAVO ADOLFO  |2 CL-VaPUC  |9 317836 
600 0 7 |a SALINAS, PEDRO  |2 CL-VaPUC  |9 346622 
600 0 |a García Lorca, Federico   |e autor   |9 315690 
600 0 7 |a GUILLEN, JORGE  |2 CL-VaPUC  |9 338659 
600 0 7 |a PIMENTEL, LUIS  |2 CL-VaPUC  |9 347447 
650 0 |a Poesía española  |9 264938 
650 0 |a Crítica literaria   |9 269189 
583 |a last modification  |c 20130326 02:28:11  |k Rodrigo Vera 
490 0 |a Biblioteca Románica Hispánica. Estudios y Ensayos, 6 
999 |c 240103  |d 240101 
952 |0 0  |1 0  |4 0  |6 861_090000000000000_ALO_1965  |7 0  |8 A  |9 251709  |a BIBEDU  |b BIBEDU  |d 2019-11-18  |i 3115364  |l 2  |o 861.09 ALO 1965  |p 3115364  |r 2023-07-14  |s 2023-07-10  |w 2019-11-18  |y BK  |k LIT 
952 |0 0  |1 0  |4 0  |6 861_090000000000000_ALO_1965  |7 0  |8 A  |9 251710  |a BIBEDU  |b BIBEDU  |d 2019-11-18  |i 4957415  |o 861.09 ALO 1965  |p 4957415  |r 2019-11-18  |w 2019-11-18  |y BK  |k LIT